<The> American Economist Journal of the International Honor Society in Economics
Guardado en:
| Formato: | Seriadas |
|---|---|
| Lenguaje: | inglés |
| Publicado: |
Tuscaloosa
Omicron Delta Epsilon
1993
|
| Materias: | |
| Etiquetas: |
Sin Etiquetas, Sea el primero en etiquetar este registro!
|
MARC
| LEADER | 00000nas2a2200000 4500 | ||
|---|---|---|---|
| 001 | s013566 | ||
| 005 | 20240109100106.6 | ||
| 022 | |a 0569-4345 | ||
| 041 | 0 | |a eng | |
| 044 | |a US | ||
| 245 | 1 | 0 | |a <The> American Economist |b Journal of the International Honor Society in Economics |
| 264 | 1 | |a Tuscaloosa |b Omicron Delta Epsilon |c 1993 | |
| 300 | |a 1 zv. | ||
| 773 | 0 | |w eu_un_cat*s120316 | |
| 610 | 2 | 0 | |a politika hospodárska |
| 610 | 2 | 0 | |a analýza ekonometrická |
| 610 | 2 | 0 | |a teórie ekonomické |